000 01106nam a2200277 a 4500
001 32083
003 BD-RjUL
005 20211209051803.0
008 140423r 1888enk c 000 0 eng d
035 _a(BD-RjUL)32172
040 _aBD-RjUL
_beng
_cBD-RjUL
_dBD-RjUL
041 _aeng
082 _aRA 177
_bVIC Pt-1 1888
245 0 0 _aVices and virtues, being a soul's confession of its sins, with reason's description of the virtues :
_ba Middle-English dialogue of About 1200 A. D. /
_cedited by Ferd. Holthausen.
_nPART-I
260 _aLondon :
_bPublished for the Early English Text Society by the Oxford University Press,
_c1888
300 _a151 p. :
_c23 cm
490 1 _aOriginal series / Early English Text Society ;
_vno. 89, 159
500 _aFirst published: London : Trübner, 1888-1921
505 0 _apt.1. - Text and Translation. -- pt.2. - Notes and Glossary.
650 0 _aVices.
_995096
650 0 _aVirtues.
_960392
830 0 _v89 &c.
_9116157
700 1 _aHolthausen, Ferdinand,
_d1860-1956
_995098
830 0 _aEarly English Text Society (Series).
_9116123
942 _2ddc
_cRAR
999 _c32083
_d32083